| 000 | 01258nam a2200349 c 4500 | ||
|---|---|---|---|
| 001 | 10060 | ||
| 003 | ES-MaCES | ||
| 005 | 20150925142048.0 | ||
| 008 | 000112s1999 sp l o000 | spa d | ||
| 035 | _aCES20000000471m | ||
| 040 |
_aES-MaCES _bspa _cES-MaCES |
||
| 110 | 2 |
_aComité Económico y Social de la Comunidad Valenciana _92189 |
|
| 245 | 1 | 0 |
_aDictamen 3-99 _b: Anteproyecto de Ley de medidas fiscales, de gestión administrativa y financiera, y de organización de la Generalitat Valenciana _cComité Econòmic i Social de la Comunitat Valenciana |
| 260 |
_a[Castellón] _bEl Comité _c1999 |
||
| 300 |
_a8 p. _c30 cm |
||
| 500 | _aTít. tomado de la cub. | ||
| 541 | _cGratuito | ||
| 650 | 4 |
_apolítica económica _927025 |
|
| 650 | 4 |
_apolítica fiscal _928082 |
|
| 650 | 4 |
_apolítica financiera _928124 |
|
| 650 | 4 |
_aadministración pública _927214 |
|
| 650 | 4 |
_agobierno regional _929907 |
|
| 650 | 4 |
_aValencia (Comunidad Autónoma) _930772 |
|
| 650 | 4 |
_arégimen jurídico _929894 |
|
| 650 | 4 |
_adictamen _930802 |
|
| 653 | 1 | 0 | _aPolítica económica |
| 650 | 4 |
_928086 _aimpuesto |
|
| 787 | 0 |
_tDictamen 3-00 _w(ES-MaCES)11370 |
|
| 902 | _aLIB Libro | ||
| 942 |
_2CES _cBK _h0.0. |
||
| 999 |
_c10060 _d10060 |
||